Chronologie Unitarie v období let 1990-1999 : dramatické události v životě Náboženské společnosti českých unitářů /

Další autoři: Doležal, Otmar, 1920-2008
Jazyk: Čeština
Vydáno: [Praha] : Unitaria, 1999
Témata:
Fyzický popis: 112 s. : il. ; 21 cm
Knihy
Uloženo v:
LEADER 01506nam a2200421 a 4500
001 000444359
003 CZ BrMZK
005 20210312112331.0
007 ta
008 990315s1999 xr e 0 cze d
015 |a cnb000770908 
020 |a 80-86105-04-0 
035 |a (OCoLC)43807608 
040 |a BOA001  |b cze 
043 |a e-xr--- 
045 |a x-x- 
072 7 |a 271/279  |x Křesťanské církve, sekty, denominace  |2 Konspekt  |9 5 
080 |a 278.15-726.6  |2 MRF 
080 |a 27-4  |2 MRF 
080 |a 278.15  |2 MRF 
080 |a 2-184.3  |2 MRF 
080 |a (437.3)  |2 MRF 
080 |a (093)  |2 MRF 
245 0 0 |a Chronologie Unitarie v období let 1990-1999 :  |b dramatické události v životě Náboženské společnosti českých unitářů /  |c [Otmar Doležal ... [et al.]]. 
260 |a [Praha] :  |b Unitaria,  |c 1999 
300 |a 112 s. :  |b il. ;  |c 21 cm 
610 2 7 |a Unitáři  |7 ko2002148804  |2 czenas 
648 7 |a 20. století  |7 ch460558 
648 4 |a 1990-1999 
650 0 7 |a unitáři  |7 ph126931  |z Česko  |y 20. století  |2 czenas 
650 0 7 |a církevní život  |7 ph119306  |z Česko  |y 20. století  |2 czenas 
650 0 7 |a unitarismus (náboženství)  |7 ph126930  |z Česko  |y 20. století  |2 czenas 
650 0 7 |a náboženská víra  |7 ph115476  |2 czenas 
655 7 |a dokumenty  |7 fd132064  |2 czenas 
700 1 |a Doležal, Otmar,  |d 1920-2008  |7 jn99240000172 
910 |a BOA001  |b 2-1064.614 
990 |a BK 
996 6 |b 2610103367  |c 2-1064.614  |l MZK  |r Sklad / do 1 hodiny  |n 4  |p p.v.  |w 000444359  |u 000010  |a 1  |e BOA001  |j MZK50  |s P